Aureola de las Islas Canarias (Record no. 14195)

MARC details
000 -LEADER
campo de control de longitud fija 00715nam a2200205 i 4500
001 - NÚMERO DE CONTROL
campo de control 14195
003 - IDENTIFICADOR DE NÚMERO DE CONTROL
campo de control ES-MaACL
005 - FECHA Y HORA DE LA ÚLTIMA TRANSACCIÓN
campo de control 20230906150737.0
007 - CAMPO FIJO DE DESCRIPCIÓN FÍSICA--INFORMACIÓN GENERAL
campo de control de longitud fija t|
008 - DATOS DE LONGITUD FIJA--INFORMACIÓN GENERAL
campo de control de longitud fija 970508s1996 sp a |||| | spa j
020 ## - NÚMERO INTERNACIONAL ESTÁNDAR DEL LIBRO
Número Internacional Estándar del Libro 84-605-5092-3
080 ## - NÚMERO DE LA CLASIFICACIÓN DECIMAL UNIVERSAL
Número de la Clasificación Decimal Universal 821.134.2-14"19"
100 1# - ENTRADA PRINCIPAL--NOMBRE DE PERSONA
Nombre de persona Luna Meléndez, José Carlos de.
9 (RLIN) 74772
245 10 - MENCIÓN DEL TÍTULO
Título Aureola de las Islas Canarias
Resto del título = Lichtkrantz der Kanarischen Inseln /
Mención de responsabilidad, etc. José Carlos de Luna Meléndez.
246 31 - FORMA VARIANTE DEL TITULO
Título propio/Titulo breve Lichtkrantz der Kanarischen Inseln
260 ## - PUBLICACIÓN, DISTRIBUCIÓN, ETC.
Lugar de publicación, distribución, etc. Santa Cruz de Tenerife :
Nombre del editor, distribuidor, etc. J.C. de Luna,
Fecha de publicación, distribución, etc. 1996.
300 ## - DESCRIPCIÓN FÍSICA
Extensión 68 p. :
Otras características físicas il. ;
Dimensiones 21 cm.
500 ## - NOTA GENERAL
Nota general Texto español y traducción alemana.
852 ## - LOCALIZACIÓN
Ubicación ES-MaACL
Número de control de estantería L-21401
Nota libre . - Dedicatoria autógrafa del autor
Holdings
Estatus retirado Estado de pérdida Estado de daño No para préstamo Biblioteca de origen Biblioteca actual Ubicación en estantería Fecha de adquisición Fuente de adquisición Total de préstamos Signatura topográfica completa Código de barras Visto por última vez Precio de reemplazo Tipo de ítem Koha
        Biblioteca del Ateneo de Madrid Biblioteca del Ateneo de Madrid Depósito 2 17/01/2008     L-21401 1014441 23/02/2023 23/02/2023 Libro impreso